| 000 | 00427nam a22001457a 4500 | ||
|---|---|---|---|
| 082 | _aP-552 | ||
| 100 |
_aAdnan Zafar _948347 |
||
| 245 |
_aA feasibility review of hydro power project on Chasma Jehlum link canal. _cAdnan Zafar, Zohaib Nawaz. |
||
| 260 |
_aRisalpur: _bMCE: _c18 Jul 2014. |
||
| 300 | _aP 81. | ||
| 526 |
_a0 _b0 _c0 _dP_552 |
||
| 650 | _aProject: | ||
| 700 |
_aAbdul Waheed Asst Prof. _948348 |
||
| 942 |
_2ddc _cBK |
||
| 999 |
_c551323 _d551323 |
||